000 00709nam a22001937a 4500
005 20251108164808.0
008 250721s1983 xx 000 0 ara d
082 1 4 _a813.09/إبر
100 1 _aالفيومي، إبراهيم حسين عبد الهادي
245 1 0 _aالواقعية في الرواية العربية الحديثة في بلاد الشام :
_bسوريا - لبنان - فلسطين - الأردن 1939-1967 /
264 1 _aعمان :
_bدار الفكر،
_c1983.
300 _a327ص.
650 1 7 _aالقصص العربية
650 1 7 _aالتاريخ الأدبي
650 1 7 _aالنقد الأدبي
650 1 7 _aبلاد الشام
942 _2ddc
_cBK
999 _c14549
_d14549